Postavenie burzy na domácom a zahraničnom finančnom trh bakalárska práca

Saved in:
Bibliographic Details
Main Author: Sósová, Petra
Corporate Author: Národohospodárska fakulta EU. Katedra bankovníctva a medzinárodných financií
Other Authors: Dorocáková, Michaela
Format: Book
Language:Slovak
Published: Bratislava 2017
Tags: Add Tag
No Tags, Be the first to tag this record!

MARC

LEADER 00000nbm a2200000 4500
001 0233793
005 20180115154411.3
041 0 |a slo 
044 |a SK 
245 1 0 |a Postavenie burzy na domácom a zahraničnom finančnom trh  |b bakalárska práca  |c Petra Sósová ; školiteľ: Michaela Dorocáková 
264 1 |a Bratislava  |c 2017 
300 |a 50 s. 
100 1 |a Sósová, Petra 
700 1 |a Dorocáková, Michaela 
710 2 |a Národohospodárska fakulta EU. Katedra bankovníctva a medzinárodných financií